000 01267nam a2200265Ia 4500
003 OSt
005 20220930095058.0
006 a|||||r|||| 00| 0
007 ta
008 220926b |||||||| |||| 00| 0 san d
024 _a71470
037 _cTheses
040 _aCRL
_cCRL
_bsan
041 _2san
_asan
100 _aचंचल, ले.
_9159534
110 _aदिल्ली विश्वविद्यालय. कला संकाय. संस्कृत विभाग
245 0 _aउत्तर - पाणिनीय संस्कृत व्याकरण परम्पराओं एवं सिद्धान्तकौमुदी की तिङन्त व्यवस्था
_b एक तुलनात्मक अध्ययन
246 _aUttar - pāṇinīya sanskṛut vyākaraṇ paramparāoan evan siddhāntakaumudī kī tinnta vyavasthā: ek tulanātmak adhyayana
260 _c2020
300 _a173पृ0
_ap.
_ccm.
650 _aसंस्कृत साहित्य
700 _aदिल्ली विश्वविद्यालय. कला संकाय. संस्कृत विभाग
942 _cDIS
_2CC
999 _c888286
_d888286